000
00341pam a2200157a 44500
008
230515b1997 xxu||||| |||| 00| 0 eng d
020
_a
NULL
041
_a
ENGLISH
082
_a
NULL
100
_a
NAIR.A.
245
_a
THE BETTER MAN
250
_a
1
260
_a
NEW DELHI
_b
PENGUIN BOOKS LTD
_c
1997
300
_a
361
650
_a
NULL
999
_c
478131
_d
478131